Hope in counselling and psychotherapy (Record no. 31709)

MARC details
000 -LEADER
fixed length control field 01904nam a2200289 a 4500
008 - FIXED-LENGTH DATA ELEMENTS--GENERAL INFORMATION
fixed length control field 170322s2013 ||||||||||||||||| || u
010 ## - LIBRARY OF CONGRESS CONTROL NUMBER
LC control number 2012949196
020 ## - INTERNATIONAL STANDARD BOOK NUMBER
International Standard Book Number 9781446201695 (hbk.)
020 ## - INTERNATIONAL STANDARD BOOK NUMBER
International Standard Book Number 9781446201701 (pbk.)
020 ## - INTERNATIONAL STANDARD BOOK NUMBER
International Standard Book Number 1446201694 (hbk.)
020 ## - INTERNATIONAL STANDARD BOOK NUMBER
International Standard Book Number 1446201708 (pbk.)
050 ## - LIBRARY OF CONGRESS CALL NUMBER
Classification number RC 480.5 Oha
100 ## - MAIN ENTRY--PERSONAL NAME
Personal name O'Hara, Denis
245 10 - TITLE STATEMENT
Title Hope in counselling and psychotherapy
Statement of responsibility, etc. Denis O'Hara
260 ## - PUBLICATION, DISTRIBUTION, ETC.
Place of publication, distribution, etc. Los Angeles:
Name of publisher, distributor, etc. SAGE Publications
Date of publication, distribution, etc. 2013
300 ## - PHYSICAL DESCRIPTION
Extent xi, 192 p.
350 ## -
-- 47.00
500 ## - GENERAL NOTE
General note Includes bibliographical references (p. [177]-186) and index.
505 ## -
-- Machine generated contents note: Section 1 Understanding the nature of hope -- 1.Introducing hope -- 2.Theoretical perspectives on hope -- 3.The emergence of hope in the literature of the helping professions -- 4.How different theories of counselling and psychotherapy encourage hope -- 5.Despair and anxiety as loss of hope -- Section 2 The practice of hope -- 6.The therapist's hope -- 7.Hope in therapy: practical strategies -- 8.Hope for those with severe and enduring psychological challenges -- Section 3 The research-informed practitioner -- 9.Research, theory, and practice -- 10.Hope measures and psychotherapy research -- 11.Conclusion.
520 ## -
-- Keeping theory firmly grounded in real-life practice, coupled with insights and tools for developing practitioner research and reflexivity, this practical book explores the nature of hope and how it can be defined as a central dimension of healing and personal growth. -- Source other than Library of Congress.
650 #0 - SUBJECT ADDED ENTRY--TOPICAL TERM
Topical term or geographic name entry element PSYCHOTHERAPY
650 #0 - SUBJECT ADDED ENTRY--TOPICAL TERM
Topical term or geographic name entry element HOPE
650 #0 - SUBJECT ADDED ENTRY--TOPICAL TERM
Topical term or geographic name entry element COUNSELING
650 #0 - SUBJECT ADDED ENTRY--TOPICAL TERM
Topical term or geographic name entry element EMOTION-FOCUSED THERAPY
995 ## -
-- MEDICAL LIBRARY OPEN ACCESS
-- 903742
-- CBU-SCHOOL OF MEDICINE LIBRARY (Ndola)
-- 47.00
-- RC 480.5 Oha
-- 1
-- AVAILABLE
-- Mar 21, 2017
-- 903742
-- Medical Library Open Access Collection
999 ## -
-- 31709
-- 31709
Holdings
Withdrawn status Lost status Source of classification or shelving scheme Damaged status Not for loan Permanent Location Current Location Shelving location Date acquired Total Checkouts Full call number Barcode Date last seen Price effective from Koha item type
          CBU-SCHOOL OF MEDICINE LIBRARY, NDOLA. CBU-SCHOOL OF MEDICINE LIBRARY, NDOLA.   11/30/2022   RC 480.5 Oha 903742 11/30/2022 11/30/2022 MONOGRAPH